Esbozo de una nueva gramática de la lengua española
保存先:
| 団体著者: | |
|---|---|
| フォーマット: | 図書 |
| 言語: | スペイン語 |
| 出版事項: |
Madrid.
Espasa - Calpe.
1973.
|
| 主題: | |
| タグ: |
タグ追加
タグなし, このレコードへの初めてのタグを付けませんか!
|
MARC
| LEADER | 00000nam a22000005a 4500 | ||
|---|---|---|---|
| 001 | 16754 | ||
| 003 | CL-ChBUA | ||
| 005 | 20120815103619.0 | ||
| 008 | 070301s1973 sp 000 0 spa | ||
| 040 | |a CL-ChBUA |c CL-ChBUA | ||
| 082 | 0 | 0 | |a 465 |
| 090 | |c 16754 |d 16754 | ||
| 110 | 2 | |a Real Academia Española. | |
| 245 | 1 | 0 | |a Esbozo de una nueva gramática de la lengua española |
| 260 | |b Espasa - Calpe. |a Madrid. |c 1973. | ||
| 650 | 4 | |a GRAMATICA ESPAÑOLA. | |
| 942 | |c LIB | ||
| 952 | |0 0 |1 0 |4 0 |7 0 |9 23227 |a UNACH |b UNACH |c 400 |d 2007-03-05 |i 10.544. |l 12 |m 1 |o 465 / R 288e. |p 24226 |r 2018-05-10 00:00:00 |s 2018-05-09 |u 23227 |w 2012-08-08 |y LIB |k 465 / R 288e. | ||
| 999 | |c 16754 |d 16754 | ||